000
00258nam a2200121Ia 4500
008
231129s9999||||xx |||||||||||||| ||spa||
040
_b
spa
082
_a
923.9 L263
100
_a
Landstrom Bjorn
245
0
_a
Colon
264
_a
Juventud
942
_2
ddc
_c
BKS
999
_c
7386
_d
7386